On creativity : awakening the creative mind

Bibliographic Details
Main Author: Leo, Ann Mean
Format: Book
Published: Selangor : Pelanduk Publication , 2006
Subjects:

MARC

LEADER 00000cam a2200000 7i4500
001 0000012112
005 20071203.0
008 071203
020 |a 9679789268 
090 0 0 |a 153.35   |b LEO 
100 1 |a Leo, Ann Mean 
245 1 0 |a On creativity :   |b awakening the creative mind   |c Leo Ann Mean 
260 |a Selangor :   |b Pelanduk Publication ,   |c 2006 
650 0 |a Creative ability 
650 0 |a Creative thinking 
650 0 |a Thought and thinking 
999 |a 0001003594   |b Book   |c Adult Collection   |e Perbadanan Perpustakaan Awam Johor 
999 |a 0001003595   |b Book   |c Adult Collection   |e Perbadanan Perpustakaan Awam Johor